| 000 | 00803cam a2200205 4500 | ||
|---|---|---|---|
| 001 | WB3732-39 | ||
| 008 | 010821n2001 000 0 eng u | ||
| 035 | _a(Sirsi) u114227 | ||
| 245 | _aGovernment to consult on tribunals' review | ||
| 260 | _c2001 | ||
| 490 |
_aLord Chancellor's Department Press Release _v(290/01) 16 August 2001, (2) |
||
| 520 | _aGovernment has published Sir Andrew Leggatt's Report on the tribunal system. "Tribunals for Users - One System, One Service", and a Consultation Paper on the report, are available on the Lord Chancellor's Department website: 'http://www.lcd.gov.uk' - see What's New? | ||
| 590 | _aWB | ||
| 650 | _aTRIBUNALS | ||
| 650 | _aLORD CHANCELLORS DEPARTMENT | ||
| 650 | _aCONSULTATION PAPER | ||
| 650 | _aREVIEW | ||
| 690 | _aLAW-UK | ||
| 942 | _n0 | ||
| 999 |
_c68044 _d68044 |
||